• 首页
  • 本馆介绍
  • 公告通知
  • 最新文献
  • 馆藏检索
  • 电子资源
  • 读者导购
  • 参考咨询
  • 我的图书馆
  • 登录
  • 详细信息显示
  • 放入我的书架
  • 预约/预借图书
  • 作者相关作品
  • 分类相关作品
  • 丛书相关作品
  • 出版社相关作品

书目信息

  • 表格格式
  • 工作单格式
  • 卡片格式
题名:
形与流
    
 
作者: 夏皮罗 , Shapiro 著 ;谈镐生 译
分册:  
出版信息: 北京   科学出版社  1979
页数: 134页
开本: 19cm
丛书名:
单 册:
中图分类: O351.2
科图分类:
主题词: 流体动力学--基本知识
电子资源:
ISBN:
000 00913nam0 2200289 45
001 0179001266
005 20060819105340.53
010    @dCNY0.36
091    @aCN@b13031.930
100    @a19950726d1979 em y0chiy0121 ea
101 1  @achi@ceng
102    @aCN@b110000
105    @ay z 000yy
200 10 @a形与流@Axing yu liu@e漫谈阻力流体动力学@f(美)夏皮罗(A.H.Shapiro)著@g谈镐生等译
210    @a北京@c科学出版社@d1979
215    @a134页@d19cm
300    @a书名原文:Shape and flow;The fluid dynamics of drag
510 1  @aShape and flow;The fluid dynamics of drag@zeng
517 1  @a漫谈阻力流体动力学@Aman tan zu li liu ti dong li xue
606    @a流体动力学@x基本知识
610 0  @a阻力流体动力学
690    @aO351.2@v3
701  1 @a夏皮罗@Axia pi luo@bA.H.@4著
701 A1 @aShapiro@bA.H.@4著
702  0 @a谈镐生@Atan gao sheng@4译
801  0 @aCN@bTSSF@c20060819
905    @a10447@dO351.2@e36
    
    形与流:漫谈阻力流体动力学/(美)夏皮罗(A.H.Shapiro)著/谈镐生等译.-北京:科学出版社,1979
    134页;19cm
    书名原文:Shape and flow;The fluid dynamics of drag
    
    ISBN :CNY0.36
    
●
相关链接 在E读中查询图书 在五车中查询图书 在当当中查询图书 在豆瓣中查询图书


正题名:形与流     索取号:O351.2/36         预约/预借

序号 登录号 条形码 馆藏地/架位号 状态 备注
1 0430394   204303949   密集书库/ [索取号:O351.2/36] 在馆    
2 0442392   204423926   密集书库/ [索取号:O351.2/36] 在馆    
3 0464781   204647819   密集书库/ [索取号:O351.2/36] 在馆    
4 0468874   204688748   密集书库/ [索取号:O351.2/36] 在馆    
欢迎您!
大连网信软件有限公司© 版权所有